Ján Štefánik sedemdesiatročný

Bibliographic Details
Main Author: Liba, Peter, 1931-2020 (Author)
Format: Article
Language:Slovak
Subjects:
Online Access:http://www.viks.sk/dkk/bz1971_251_254.doc

MARC

LEADER 00000nab a2200000 a 4500
001 vtls008855027
003 SK-MaSNL
005 20260305002928.0
008 150420 1972 xo 000 slo
015 |a SNBRRADKK190120XX 
040 |a SNKBUDKK  |b slo  |c SNKBUDKK  |e AACR2 
041 0 |a slo 
044 |a xo  |c SK 
080 |a 929 Štefánik, Ján  |2 1997 
100 1 |a Liba, Peter,  |d 1931-2020  |4 aut  |9 220851 
245 1 0 |a Ján Štefánik sedemdesiatročný  |c Peter Liba 
500 |a Rubrika: Jubileá 
600 1 7 |a Štefánik, Ján,  |d 1901-1987  |2 snkbudkk  |9 108876 
650 0 7 |a biografie  |x jubilejné články  |2 snkbudkk  |9 1057868 
655 7 |a články zo zborníkov  |2 snkbudkk  |9 166140 
773 0 |t Bibliografický zborník 1971  |d Martin : Matica slovenská, 1972  |g S. 251-254 
850 |a Slovenská národná knižnica v Martine 
852 |a SNK  |b KIS3GCP 
856 4 1 |u http://www.viks.sk/dkk/bz1971_251_254.doc 
910 |a bdkk  |a memoriask 
958 |a KK 
999 |c 3227713  |d 3229643